00363nam a22001217a 4500003000400000005001700004008004100021100001800062245007000080260005900150300001100209650002100220OSt20260203163142.0260203b |||||||| |||| 00| 0 eng d aThakur Poonam aJournal of Advance Nursing ReserchbJanuary 2023 to December 2024 aGwaliorbThe Nursing Teachers Associationc2023 & 2024 a480 P. aNursing Research